The implementation of modern African Constitutions: Challenges and prospects (Record no. 21055)
[ view plain ]
| 000 -LEADER | |
|---|---|
| fixed length control field | 00596nam a2200121Ia 4500 |
| 008 - FIXED-LENGTH DATA ELEMENTS--GENERAL INFORMATION | |
| fixed length control field | 220616s9999||||xx |||||||||||||| ||und|| |
| 100 ## - MAIN ENTRY--PERSONAL NAME | |
| Personal name | Charles Manga Fombad |
| 245 #4 - TITLE STATEMENT | |
| Title | The implementation of modern African Constitutions: Challenges and prospects |
| 546 ## - LANGUAGE NOTE | |
| Language note | English[eng] |
| 650 ## - SUBJECT ADDED ENTRY--TOPICAL TERM | |
| Topical term or geographic name entry element | South African Constitution Africa Nigerian Constitution Constitutional Implementation Swaziland Nigeria Zimbabwe Kenya Constitutional Implementation Framework |
| 856 ## - ELECTRONIC LOCATION AND ACCESS | |
| Uniform Resource Identifier | <a href="http://www.pulp.up.ac.za/component/edocman/the-implementation-of-modern-african-constitutions-challenges-and-prospects">http://www.pulp.up.ac.za/component/edocman/the-implementation-of-modern-african-constitutions-challenges-and-prospects</a> |
| 942 ## - ADDED ENTRY ELEMENTS (KOHA) | |
| Koha item type | E-Books |
| Withdrawn status | Lost status | Damaged status | Not for loan | Home library | Current library | Date acquired | Total Checkouts | Date last seen | Price effective from | Koha item type |
|---|---|---|---|---|---|---|---|---|---|---|
| Kerala University of Digital Sciences, Innovation and Technology Knowledge Centre | Kerala University of Digital Sciences, Innovation and Technology Knowledge Centre | 16/06/2022 | 16/06/2022 | 16/06/2022 | E-Books |